Fossils / (Record no. 8400)

MARC details
000 -LEADER
fixed length control field 01449cam a22003497a 4500
001 - CONTROL NUMBER
control field 8400
003 - CONTROL NUMBER IDENTIFIER
control field FISKH
005 - DATE AND TIME OF LATEST TRANSACTION
control field 20250910145146.0
008 - FIXED-LENGTH DATA ELEMENTS--GENERAL INFORMATION
fixed length control field 110107s2010 nyua j 001 0 eng
010 ## - LIBRARY OF CONGRESS CONTROL NUMBER
LC control number 2010284608
020 ## - INTERNATIONAL STANDARD BOOK NUMBER
International Standard Book Number 9780545285469
035 ## - SYSTEM CONTROL NUMBER
System control number 16603045
035 ## - SYSTEM CONTROL NUMBER
System control number (OCoLC)692225855
040 ## - CATALOGING SOURCE
Original cataloging agency CCS
Transcribing agency CCS
Modifying agency CCS
-- DLC
Language of cataloging eng
050 00 - LIBRARY OF CONGRESS CALL NUMBER
Classification number QE714.5
Item number .S73 2010
082 00 - DEWEY DECIMAL CLASSIFICATION NUMBER
Classification number 560
Edition number 23
100 1# - MAIN ENTRY--PERSONAL NAME
Personal name Stamper, Judith Bauer.
245 10 - TITLE STATEMENT
Title Fossils /
Statement of responsibility, etc. Judith Bauer Stamper, Vicky Willows.
260 ## - PUBLICATION, DISTRIBUTION, ETC.
Place of publication, distribution, etc. New York :
Name of publisher, distributor, etc. Scholastic,
Date of publication, distribution, etc. 2010.
300 ## - PHYSICAL DESCRIPTION
Extent 32 pages :
Other physical details color illustrations ;
Dimensions 23 cm
490 0# - SERIES STATEMENT
Series statement Smart words reader
490 0# - SERIES STATEMENT
Series statement Smart words reader
500 ## - GENERAL NOTE
General note Includes index.
520 ## - SUMMARY, ETC.
Summary, etc. "Fossils aren't just old bones. They are very special pieces of evidence that provide important clues about the past. By studying fossils, we can learn about animals that are now extinct, like dinosaurs. Fossils can tell us what the weather and climate were like long ago. Dig into this book to find out all about fossils and learn important vocabulary words you'll need to understand earth science!"--from back cover.
650 #0 - SUBJECT ADDED ENTRY--TOPICAL TERM
Topical term or geographic name entry element Fossils
Form subdivision Juvenile literature.
650 #0 - SUBJECT ADDED ENTRY--TOPICAL TERM
Topical term or geographic name entry element Reading (Primary)
655 #7 - INDEX TERM--GENRE/FORM
Genre/form data or focus term Literature.
Source of term lcgft
Authority record control number or standard number https://id.loc.gov/authorities/genreForms/gf2014026415
700 1# - ADDED ENTRY--PERSONAL NAME
Personal name Willows, Vicky.
Relator term Author
906 ## - LOCAL DATA ELEMENT F, LDF (RLIN)
a 7
b cbc
c copycat
d 2
e ncip
f 20
g y-gencatlg
942 ## - ADDED ENTRY ELEMENTS (KOHA)
Source of classification or shelving scheme Dewey Decimal Classification
Koha item type Books
Suppress in OPAC No
Holdings
Withdrawn status Lost status Source of classification or shelving scheme Damaged status Not for loan Collection Home library Current library Shelving location Date acquired Total Checkouts Full call number Barcode Date last seen Copy number Price effective from Koha item type
    Dewey Decimal Classification     Non-Fiction Footprints International School Library Network Toul Tom Poung Campus Footprints International School Library Network Toul Tom Poung Campus TTP Secondary Non-Fiction Bookshelves 09/10/2025   STA 560 QE714 .S73 FISBK05519 09/10/2025 1 09/10/2025 Books